Comparison of targeted replacement and vegetative filter strips for sediment control and cost effectiveness /
Na minha lista:
| Outros Autores: | , , , , , |
|---|---|
| Formato: | Atigo |
| Idioma: | English |
| Assuntos: | |
| Tags: |
Adicionar Tag
Sem tags, seja o primeiro a adicionar uma tag!
|
| Thư viện lưu trữ: | Thư viện Trường Đại học Đà Lạt |
|---|
| LEADER | 01036nam a2200337 4500 | ||
|---|---|---|---|
| 001 | DLU090091175 | ||
| 005 | ##20091201 | ||
| 040 | # | # | |a DLU |b eng |
| 041 | # | # | |a eng |
| 044 | # | # | |a us |
| 245 | # | # | |a Comparison of targeted replacement and vegetative filter strips for sediment control and cost effectiveness / |c Mengistu Geza ... [et al.]. |
| 653 | # | # | |a Filtration |
| 653 | # | # | |a River bank erosion |
| 653 | # | # | |a Sediments |
| 653 | # | # | |a Vegetation |
| 700 | # | # | |a Barfield, B. J. |
| 700 | # | # | |a Geza, Mengistu. |
| 700 | # | # | |a Huhnke, R. L. |
| 700 | # | # | |a Stevens, E. W. |
| 700 | # | # | |a Stoecker, Art. |
| 700 | # | # | |a Storm, D. E. |
| 773 | # | # | |t Journal of Water Resources Planning and Management |g Vol. 135, no. 5 (September/October 2009), p. 406-409 |
| 920 | # | # | |a Phòng Tạp chí -- Trung tâm Thông tin - Thư viện Trường Đại học Đà Lạt |
| 994 | # | # | |a DLU |
| 900 | # | # | |a True |
| 911 | # | # | |a Trương Bảo Trâm Anh |
| 925 | # | # | |a G |
| 926 | # | # | |a A |
| 927 | # | # | |a BB |
| 980 | # | # | |a Thư viện Trường Đại học Đà Lạt |